000 00609nam a2200193 i 4500
001 49288
003 ES-MaACL
005 20251224063016.0
007 t|
008 030711s1967 sp c ||||1| spa d
100 1 _aCortés Alonso, Vicenta,
_d1925-2021
_9242638
245 1 0 _aCatálogo de mapas de Colombia /
_cVicenta Cortés.
260 _aMadrid :
_bCultura Hispánica,
_c1967.
300 _a336 p., 7 lám. ;
_c21 cm.
651 4 _aColombia-
_vMapas-
_vCatálogos.
_9170274
651 4 _aAmérica del Sur-
_vMapas-
_vCatálogos.
_9172652
852 _aES-MaACL
_jC-32452
999 _c49288
_d49288